Biggest Cities in Greece on a Map - Statistics

General Stats
  • This quiz has been taken 523 times
  • The average score is 6 of 10
Answers on the Map
Answers color-coded by a green-red scale on the quiz's map according to % correct below.
 
Answer Stats
Population City % Correct
3,168,846 Athens
100%
806,635 Thessaloniki
95%
157,452 Heraklion
82%
195,265 Patras
71%
144,651 Larissa
67%
130,094 Volos
51%
88,525 Chania
48%
85,803 Ioannina
47%
74,564 Chalcis
29%
100,723 Acharnes
20%
No matching quizzes found
Score Distribution
Percent of People with Each Score
Percentile by Number Answered
Your Score History
You have not taken this quiz